| 000 | 00676cab a2200265 4500 | ||
|---|---|---|---|
| 001 | X1103 | ||
| 008 | 090401t1993 xxu||||| |||| 00| 0 eng d | ||
| 035 | _a(Sirsi) u14704 | ||
| 041 | _aeng | ||
| 245 | _aAgriculture and the environment | ||
| 260 | _c1993 | ||
| 350 | _a0 | ||
| 490 |
_aCS Monthly : Rural Practice _v3(2) October 1993, 1(1) |
||
| 650 | _aCAP | ||
| 650 | _aCOMMON AGRICULTURAL POLICY | ||
| 650 | _aEC 2078/92 | ||
| 650 | _aEC DIRECTIVES | ||
| 650 | _aENVIRONMENTAL MEASURES | ||
| 650 | _aENVIRONMENTALLY SENSITIVE AREAS | ||
| 650 | _aSCOTLAND | ||
| 690 | _aEUROPE-SINGLE MARKET | ||
| 690 | _aRURAL PRACTICE | ||
| 942 | _n0 | ||
| 948 | _c04/03/1997 | ||
| 999 |
_c9594 _d9594 |
||